Investment Banking and Finance Series

Guardado en:
Detalles Bibliográficos
Autor principal: Adams, Andrew
Formato: Libro
Lenguaje:inglés
Publicado: London Graham and Trotman 1992
Edición:1. ed.
Materias:
Etiquetas: Agregar Etiqueta
Sin Etiquetas, Sea el primero en etiquetar este registro!

MARC

LEADER 00000nam a2200000 4500
001 c005991
005 20221206083241.1
020 |a 1-85966-073-8 
020 |a 0-86010-568-7 
041 0 |a eng 
044 |a GB 
245 1 0 |a Investment  |b Banking and Finance Series  |c Andrew Adams 
250 |a 1. ed. 
264 1 |a London  |b Graham and Trotman  |c 1992 
300 |a 440 s. 
610 2 0 |a portfólio 
610 2 0 |a vlastníctvo 
610 2 0 |a úspory obyvateľstva 
610 2 0 |a investori 
610 2 0 |a investície 
610 2 0 |a bankovníctvo 
610 2 0 |a financie 
610 2 0 |a dane 
610 2 0 |a obligácie 
610 2 0 |a papiere cenné 
610 2 0 |a účty 
610 2 0 |a burzy 
610 2 0 |a vyrovnanie 
610 2 0 |a poistenie 
610 2 0 |a akcie 
610 2 0 |a ochrana investícií 
610 2 0 |a matematika 
100 1 |a Adams, Andrew